<?xml version="1.0" encoding="UTF-8"?>
<record
    xmlns:xsi="http://www.w3.org/2001/XMLSchema-instance"
    xsi:schemaLocation="http://www.loc.gov/MARC21/slim http://www.loc.gov/standards/marcxml/schema/MARC21slim.xsd"
    xmlns="http://www.loc.gov/MARC21/slim">

  <leader>00757nam a22002177a 4500</leader>
  <controlfield tag="003">SEM</controlfield>
  <controlfield tag="005">20251113165939.0</controlfield>
  <controlfield tag="008">211221s1974    ai ||||gr|||||001|f arm|d</controlfield>
  <datafield tag="040" ind1=" " ind2=" ">
    <subfield code="a">SEM</subfield>
    <subfield code="c">SEM</subfield>
  </datafield>
  <datafield tag="041" ind1=" " ind2=" ">
    <subfield code="a">arm</subfield>
  </datafield>
  <datafield tag="080" ind1=" " ind2=" ">
    <subfield code="a">882-3/&#x533;-72</subfield>
  </datafield>
  <datafield tag="100" ind1=" " ind2=" ">
    <subfield code="a">&#x533;&#x578;&#x563;&#x578;&#x56C;, &#x546;&#x56B;&#x56F;&#x578;&#x56C;&#x561;&#x575; &#x54E;&#x561;&#x57D;&#x56B;&#x56C;&#x587;&#x56B;&#x579;</subfield>
    <subfield code="d">(1809-1852)</subfield>
  </datafield>
  <datafield tag="245" ind1=" " ind2=" ">
    <subfield code="a">&#x544;&#x565;&#x57C;&#x561;&#x56E; &#x570;&#x578;&#x563;&#x56B;&#x576;&#x565;&#x580; /</subfield>
    <subfield code="c">&#x546;. &#x533;&#x578;&#x563;&#x578;&#x56C; ; &#x539;&#x561;&#x580;&#x563;&#x574;.&#x55D; &#x534;. &#x534;&#x565;&#x574;&#x56B;&#x580;&#x573;&#x575;&#x561;&#x576;, &#x531;. &#x553;&#x561;&#x56C;&#x561;&#x576;&#x57B;&#x575;&#x561;&#x576;</subfield>
  </datafield>
  <datafield tag="260" ind1=" " ind2=" ">
    <subfield code="a">&#x535;&#x580;&#x587;&#x561;&#x576; :</subfield>
    <subfield code="b">&#x540;&#x561;&#x575;&#x561;&#x57D;&#x57F;&#x561;&#x576; &#x570;&#x580;&#x561;&#x57F;.,</subfield>
    <subfield code="c">1974.</subfield>
  </datafield>
  <datafield tag="300" ind1=" " ind2=" ">
    <subfield code="a">442 &#x567;&#x57B; ;</subfield>
    <subfield code="b">&#x576;&#x56F;. ;</subfield>
    <subfield code="c">21 &#x57D;&#x574;</subfield>
  </datafield>
  <datafield tag="650" ind1=" " ind2=" ">
    <subfield code="a">&#x54C;&#x578;&#x582;&#x57D; &#x563;&#x580;&#x561;&#x56F;&#x561;&#x576;&#x578;&#x582;&#x569;&#x575;&#x578;&#x582;&#x576;</subfield>
    <subfield code="x">&#x57E;&#x565;&#x57A;</subfield>
  </datafield>
  <datafield tag="653" ind1=" " ind2=" ">
    <subfield code="a">&#x54D;&#x537;&#x544;</subfield>
  </datafield>
  <datafield tag="700" ind1=" " ind2=" ">
    <subfield code="a">&#x534;&#x565;&#x574;&#x56B;&#x580;&#x573;&#x575;&#x561;&#x576;, &#x534;.</subfield>
    <subfield code="e">&#x569;&#x561;&#x580;&#x563;&#x574;.</subfield>
    <subfield code="4">trl.</subfield>
  </datafield>
  <datafield tag="700" ind1=" " ind2=" ">
    <subfield code="a">&#x553;&#x561;&#x56C;&#x561;&#x576;&#x57B;&#x575;&#x561;&#x576;, &#x531;.</subfield>
    <subfield code="e">&#x569;&#x561;&#x580;&#x563;&#x574;.</subfield>
    <subfield code="4">trl.</subfield>
  </datafield>
  <datafield tag="942" ind1=" " ind2=" ">
    <subfield code="2">udc</subfield>
    <subfield code="c">BK</subfield>
  </datafield>
  <datafield tag="999" ind1=" " ind2=" ">
    <subfield code="c">72026</subfield>
    <subfield code="d">72026</subfield>
  </datafield>
  <datafield tag="952" ind1=" " ind2=" ">
    <subfield code="0">0</subfield>
    <subfield code="1">0</subfield>
    <subfield code="2">udc</subfield>
    <subfield code="4">0</subfield>
    <subfield code="7">0</subfield>
    <subfield code="8">&#x533;&#x580;&#x561;&#x57A;&#x561;&#x570;&#x578;&#x581;</subfield>
    <subfield code="a">SEM</subfield>
    <subfield code="b">SEM</subfield>
    <subfield code="d">2021-12-21</subfield>
    <subfield code="g">1500.00</subfield>
    <subfield code="i">33188</subfield>
    <subfield code="l">0</subfield>
    <subfield code="o">882-3/&#x533;-72</subfield>
    <subfield code="p">33188</subfield>
    <subfield code="r">2021-12-21</subfield>
    <subfield code="w">2021-12-21</subfield>
    <subfield code="y">BK</subfield>
    <subfield code="z">&#x54D;&#x57A;&#x561;&#x57D;&#x561;&#x580;&#x56F;&#x57E;&#x578;&#x582;&#x574; &#x567; &#x568;&#x576;&#x569;&#x565;&#x580;&#x581;&#x561;&#x57D;&#x580;&#x561;&#x570;</subfield>
  </datafield>
  <datafield tag="952" ind1=" " ind2=" ">
    <subfield code="0">0</subfield>
    <subfield code="1">0</subfield>
    <subfield code="2">udc</subfield>
    <subfield code="4">0</subfield>
    <subfield code="7">0</subfield>
    <subfield code="8">&#x533;&#x580;&#x561;&#x57A;&#x561;&#x570;&#x578;&#x581;</subfield>
    <subfield code="a">SEM</subfield>
    <subfield code="b">SEM</subfield>
    <subfield code="d">2025-09-09</subfield>
    <subfield code="i">36930</subfield>
    <subfield code="l">0</subfield>
    <subfield code="o">882-3/&#x533;-72</subfield>
    <subfield code="p">36930</subfield>
    <subfield code="r">2025-09-09</subfield>
    <subfield code="w">2025-09-09</subfield>
    <subfield code="y">BK</subfield>
    <subfield code="z">&#x54D;&#x57A;&#x561;&#x57D;&#x561;&#x580;&#x56F;&#x57E;&#x578;&#x582;&#x574; &#x567; 30 &#x585;&#x580;</subfield>
  </datafield>
</record>
